[Event "XIII Festival A"]
[Site "Trieste ITA"]
[Date "2011.09.10"]
[Round "9"]
[White "Oparin, Grigoriy"]
[Black "Narayanan, Srinath"]
[WhiteElo "2413"]
[BlackElo "2336"]
[Result "1-0"]
[PlyCount "87"]
[EventDate "2011.09.03"]

1. e4 e5 2. Nf3 Nc6 3. Bb5 a6 4. Ba4 Nf6 5. O-O b5 6. Bb3 Bc5 7. c3 d6 8. d4
Bb6 9. h3 Bb7 10. Re1 O-O 11. Bg5 h6 12. Bh4 Re8 13. d5 Na5 14. Bc2 g5 15. Bg3
c6 16. dxc6 Bxc6 17. Nbd2 Ra7 18. Qe2 Rd7 19. b4 Nb7 20. a4 Qb8 21. axb5 axb5
22. h4 g4 23. Nh2 h5 24. Kh1 Rc7 25. Bd3 Bd7 26. Bxb5 Rxc3 27. Bxd7 Nxd7 28.
Nxg4 Re6 29. Nh2 Nf6 30. Ndf3 Qc8 31. Qd2 Ng4 32. Rac1 Rc4 33. Rxc4 Qxc4 34.
Rc1 Qb3 35. Nxg4 hxg4 36. Rc8+ Nd8 37. Qg5+ Rg6 38. Rxd8+ Bxd8 39. Qxd8+ Kg7
40. Ng5 Qxb4 41. Qd7 Rxg5 42. hxg5 Qxe4 43. Qxd6 Kh7 44. Qh6+ 1-0

[Event "XIII Festival A"]
[Site "Trieste ITA"]
[Date "2011.09.10"]
[Round "9"]
[White "Spiesberger, Gerhard"]
[Black "Srebrnic, Vojko"]
[WhiteElo "2149"]
[BlackElo "2244"]
[Result "0-1"]
[PlyCount "106"]
[EventDate "2011.09.03"]

1. Nf3 c5 2. e4 g6 3. c3 Bg7 4. d4 cxd4 5. cxd4 d5 6. e5 Nc6 7. h3 f6 8. Bb5
Bd7 9. O-O Nxe5 10. Bxd7+ Nxd7 11. Nc3 Nb6 12. Bf4 Qd7 13. a4 Nh6 14. Qb3 O-O
15. Rfe1 Rfc8 16. Re2 Nf7 17. Rae1 Bf8 18. a5 Nc4 19. Qb5 Qxb5 20. Nxb5 Rc6 21.
Nc7 Rd8 22. Ne6 Rd7 23. Nc5 Rxc5 24. dxc5 e5 25. b3 Nxa5 26. b4 Nc4 27. Bc1 a5
28. bxa5 Bxc5 29. Ra2 Bb4 30. Bd2 Nxd2 31. Nxd2 Nd6 32. Rb1 Bxd2 33. Rxd2 d4
34. f3 Kf7 35. Rdb2 Ke6 36. Kf2 Rc7 37. Ke2 Kd5 38. Kd1 Rc5 39. Ra1 f5 40. a6
bxa6 41. Rxa6 Nc4 42. Rba2 d3 43. Ra7 Kd4 44. Rb7 e4 45. fxe4 fxe4 46. Ke1 Ke3
47. Kf1 Nd2+ 48. Kg1 Rc1+ 49. Kh2 Rc2 50. Ra4 Nc4 51. Rxh7 d2 52. Rd7 Nb2 53.
Rad4 Nd3 0-1

[Event "XIII Festival A"]
[Site "Trieste ITA"]
[Date "2011.09.10"]
[Round "9"]
[White "Suc, Timothy"]
[Black "De Val, Daniele"]
[WhiteElo "2053"]
[BlackElo "2220"]
[Result "1-0"]
[PlyCount "53"]
[EventDate "2011.09.03"]

1. e4 e6 2. d4 d5 3. Bd3 Nf6 4. e5 Nfd7 5. c3 c5 6. Nf3 g6 7. O-O Nc6 8. Re1
Qb6 9. dxc5 Nxc5 10. Bc2 Bg7 11. Be3 Qxb2 12. Bxc5 Qxa1 13. Bb3 Bf8 14. Bxf8
Rxf8 15. Qd2 Na5 16. Ba4+ Bd7 17. Bxd7+ Kxd7 18. Na3 Qxe1+ 19. Qxe1 Rac8 20.
Qb1 Rc5 21. g3 b6 22. Nb5 Nc6 23. Nxa7 Nxa7 24. Qxb6 Rfc8 25. Qxa7+ R8c7 26.
Qa4+ Ke7 27. Qh4+ 1-0